Name a Washington County A-Z - Statistics

General Stats
  • This quiz has been taken 9 times
  • The average score is 12 of 17
Answer Stats
Letter # County % Correct
K 4 King | Kitsap | Kittitas | Klickitat
100%
I 1 Island
88%
S 6 San Juan | Skagit | Skamania | 3 more...
88%
W 4 Wahkiakum | Walla Walla | 2 more...
88%
C 5 Chelan | Clallam | Clark | 2 more...
75%
J 1 Jefferson
75%
L 2 Lewis | Lincoln
75%
P 3 Pacific | Pend Oreille | Pierce
75%
A 2 Adams | Asotin
63%
B 1 Benton
63%
G 3 Garfield | Grant | Grays Harbor
63%
Y 1 Yakima
63%
D 1 Douglas
50%
F 2 Ferry | Franklin
50%
M 1 Mason
50%
O 1 Okanogan
50%
T 1 Thurston
38%
No matching quizzes found
Score Distribution
Percent of People with Each Score
Percentile by Number Answered
Your Score History
You have not taken this quiz